UM Logo

Punla sa linggwistikang Filipino: (Record no. 5264)

MARC details
000 -LEADER
fixed length control field 00755nam a22001937a 4500
008 - FIXED-LENGTH DATA ELEMENTS--GENERAL INFORMATION
fixed length control field 161015b xxu||||| |||| 00| 0 eng d
020 ## - INTERNATIONAL STANDARD BOOK NUMBER
International Standard Book Number 97217250553
082 ## - DEWEY DECIMAL CLASSIFICATION NUMBER
Edition number 2001
Classification number DFil 499.211
Item number P96
100 ## - MAIN ENTRY--PERSONAL NAME
9 (RLIN) 16297
Personal name Catacataca, Pamfilo D.
Relator term Editor
245 ## - TITLE STATEMENT
Title Punla sa linggwistikang Filipino:
Remainder of title handog parangal kay Alfonso O. Santiago/
Statement of responsibility, etc. Pamfilo D. Catacataca...[and 2 others].
260 ## - PUBLICATION, DISTRIBUTION, ETC. (IMPRINT)
Place of publication, distribution, etc. Makati City:
Name of publisher, distributor, etc. Grandwater Publications and Research Corp.,
Date of publication, distribution, etc. c2001.
300 ## - PHYSICAL DESCRIPTION
Extent 280 pages;
Dimensions 22 cm.
650 #0 - SUBJECT ADDED ENTRY--TOPICAL TERM
9 (RLIN) 16298
Topical term or geographic name as entry element Filipino language
General subdivision Usage.
650 #0 - SUBJECT ADDED ENTRY--TOPICAL TERM
9 (RLIN) 16299
Topical term or geographic name as entry element Filipino language
General subdivision Miscellaneous writings.
700 ## - ADDED ENTRY--PERSONAL NAME
9 (RLIN) 16300
Personal name Espiritu, Clemencia C.
Relator term Editor
700 ## - ADDED ENTRY--PERSONAL NAME
9 (RLIN) 16301
Personal name Villafuerte, Pat V.
Relator term Editor
365 ## - TRADE PRICE
Price amount 183.00
Currency code Php.
942 ## - ADDED ENTRY ELEMENTS (KOHA)
Source of classification or shelving scheme Dewey Decimal Classification
Koha item type Filipiniana
Holdings
Withdrawn status Lost status Source of classification or shelving scheme Damaged status Not for loan Collection code Home library Current library Date acquired Source of acquisition Total Checkouts Full call number Barcode Date last seen Copy number Cost, replacement price Price effective from Koha item type
    Dewey Decimal Classification     Filipiniana UM Digos College - LIC UM Digos College - LIC 08/14/2008 Purchased   DFil 499.211 P96 2001 19576 05/15/2025 1 183.00 10/15/2016 Filipiniana
    Dewey Decimal Classification     Filipiniana UM Digos College - LIC UM Digos College - LIC 08/14/2008 Purchased   DFil 499.211 P96 2001 19577 05/15/2025 2 183.00 10/15/2016 Filipiniana